Assessment of the type and degree of restriction fragment length polymorphism (RFLP) in diploid species of the genus Triticum (Record no. 54557)

MARC details
000 -LEADER
fixed length control field 00561nam a2200181Ia 4500
100 ## - MAIN ENTRY--AUTHOR NAME
Personal name Corre V Le
245 #0 - TITLE STATEMENT
Title Assessment of the type and degree of restriction fragment length polymorphism (RFLP) in diploid species of the genus Triticum
260 ## - PUBLICATION, DISTRIBUTION, ETC. (IMPRINT)
Name of publisher Theoretical and Applied Genetics
Year of publication 1995
300 ## - PHYSICAL DESCRIPTION
Number of Pages 1063-1067
650 ## - SUBJECT ADDED ENTRY--TOPICAL TERM
Topical Term Diversity
650 ## - SUBJECT ADDED ENTRY--TOPICAL TERM
Topical Term RFLP
650 ## - SUBJECT ADDED ENTRY--TOPICAL TERM
Topical Term T.monoccum ssp.boeoticum
650 ## - SUBJECT ADDED ENTRY--TOPICAL TERM
Topical Term T.monococcum ssp. monococcum
650 ## - SUBJECT ADDED ENTRY--TOPICAL TERM
Topical Term T.urartu
700 ## - ADDED ENTRY--PERSONAL NAME
Personal name Bernard M
942 ## - ADDED ENTRY ELEMENTS (KOHA)
Koha item type Journals
Holdings
Withdrawn status Lost status Damaged status Not for loan Home library Current library Shelving location Date acquired Serial Enumeration / chronology Koha item type
      Journals RRII Library RRII Library RFLP 18/10/1995 Volume 90, Issue 08-Jul Journals